• 首页
  • 本馆介绍
  • 公告通知
  • 最新文献
  • 馆藏检索
  • 电子资源
  • 读者导购
  • 参考咨询
  • 我的图书馆
  • 登录
  • 详细信息显示
  • 放入我的书架
  • 预约/预借图书
  • 作者相关作品
  • 分类相关作品
  • 丛书相关作品
  • 出版社相关作品

书目信息

  • 表格格式
  • 工作单格式
  • 卡片格式
题名:
简化汉字标准草书总汇
    
 
作者: 狄冰 著
分册:  
出版信息: 成都   四川美术出版社  2012.12
页数: 14, 186页
开本: 26cm
丛书名:
单 册:
中图分类: J292.34-61 , J292.34
科图分类:
主题词: 草书--cao shu--法书--中国--字典
电子资源:
ISBN: 978-7-5410-5276-7
000 00806nam0 2200241 450
001 2375813907
005 20231124210419.91
010    @a978-7-5410-5276-7@dCNY66.00
100    @a20130610d2012 em y0chiy50 ea
101 0  @achi
102    @aCN@b510000
105    @ay z 001yy
200 1  @a简化汉字标准草书总汇@Ajian hua han zi biao zhun cao shu zong hui@f狄冰著
210    @a成都@c四川美术出版社@d2012.12
215    @a14, 186页@d26cm
320    @a有索引
330    @a本书内容包括: 简化汉字标准草书总表检字表、简化汉字标准草书总表、简化汉字标准草书原理汇述、简化汉字标准草书符号汇查、汉语拼音方案三表等。
606 0  @a草书@Acao shu@x法书@y中国@j字典
690    @aJ292.34-61@v5
690    @aJ292.34@v4
701  0 @a狄冰@Adi bing@4著
801  0 @aCN@b人天书店@c20130610
905    @aBZT@dJ292.34@e5
    
    简化汉字标准草书总汇/狄冰著.-成都:四川美术出版社,2012.12
    14, 186页;26cm
    
    
    ISBN 978-7-5410-5276-7:CNY66.00
    本书内容包括: 简化汉字标准草书总表检字表、简化汉字标准草书总表、简化汉字标准草书原理汇述、简化汉字标准草书符号汇查、汉语拼音方案三表等。
●
相关链接 在五车中查询图书 在当当中查询图书 在豆瓣中查询图书


正题名:简化汉字标准草书总汇     索取号:J292.34/5         预约/预借

序号 登录号 条形码 馆藏地/架位号 状态 备注
1 2001106329   2001106329   共建书房-机电学院/ [索取号:J292.34/5] 在馆    
2 2001106330   2001106330   共建书房-机电学院/ [索取号:J292.34/5] 在馆    
3 2001106331   2001106331   共建书房-机电学院/ [索取号:J292.34/5] 在馆    
4 2001106332   2001106332   共建书房-机电学院/ [索取号:J292.34/5] 在馆    
5 2001106333   2001106333   共建书房-机电学院/ [索取号:J292.34/5] 在馆    
6 2001106334   2001106334   共建书房-机电学院/ [索取号:J292.34/5] 在馆    
7 2001106335   2001106335   共建书房-机电学院/ [索取号:J292.34/5] 在馆    
8 2001106336   2001106336   共建书房-机电学院/ [索取号:J292.34/5] 在馆    
9 2001106337   2001106337   515书库/ [索取号:J292.34/5] 在馆    
10 2001106338   2001106338   515书库/ [索取号:J292.34/5] 在馆    
11 2001106339   2001106339   515书库/ [索取号:J292.34/5] 在馆    
12 2001106340   2001106340   515书库/ [索取号:J292.34/5] 在馆    
13 2001106341   2001106341   515书库/ [索取号:J292.34/5] 在馆    
14 2001106342   2001106342   515书库/ [索取号:J292.34/5] 在馆    
15 2001106343   2001106343   515书库/ [索取号:J292.34/5] 在馆    
16 2001106344   2001106344   515书库/ [索取号:J292.34/5] 在馆    
17 2001106345   2001106345   515书库/ [索取号:J292.34/5] 在馆    
18 2001106346   2001106346   共建书房-机电学院/ [索取号:J292.34/5] 在馆    
19 2001106347   2001106347   515书库/ [索取号:J292.34/5] 在馆    
20 2001106348   2001106348   515书库/ [索取号:J292.34/5] 在馆    
21 2001106349   2001106349   共建书房-机电学院/ [索取号:J292.34/5] 在馆    
22 2001106350   2001106350   共建书房-机电学院/ [索取号:J292.34/5] 在馆    
23 2001106351   2001106351   共建书房-机电学院/ [索取号:J292.34/5] 在馆    
24 2001106352   2001106352   515书库/ [索取号:J292.34/5] 在馆    
25 2001106353   2001106353   515书库/ [索取号:J292.34/5] 在馆    
26 2001106354   2001106354   515书库/ [索取号:J292.34/5] 在馆    
27 2001106355   2001106355   共建书房-机电学院/ [索取号:J292.34/5] 在馆    
28 2001106356   2001106356   共建书房-机电学院/ [索取号:J292.34/5] 在馆    
29 2001106357   2001106357   共建书房-机电学院/ [索取号:J292.34/5] 在馆    
30 2001106358   2001106358   共建书房-机电学院/ [索取号:J292.34/5] 在馆    
山东省滨州职业学院图书馆 欢迎您!
大连网信软件有限公司© 版权所有